| 000 | 00826nam a22002057a 4500 | ||
|---|---|---|---|
| 999 |
_c18467 _d18467 |
||
| 003 | AR-CdUCM | ||
| 008 | 190514b ||||| |||| 00| 0 spa d | ||
| 020 | _a84-313-0411-1 | ||
| 040 |
_aMUNICIPALIDAD PROVINCIAL DEL CUSCO _cBIBLIOTECA MUNICIPAL DEL CUSCO |
||
| 082 |
_a330.12 / _bI68 |
||
| 100 |
_aIraburu Larreta, Javier. _939072 |
||
| 245 |
_aIntroducción a la economía descriptiva : _bMacro economía / |
||
| 260 |
_aEspaña : _bUniversidad de navarra, _c1975. |
||
| 300 |
_a287 páginas ; _c23 cm. |
||
| 505 | _aContenido : Economía descriptiva concepto y método -- Dinero y banca -- Conceptos y variables fundamentales -- Instrumentos descriptivos-- Relaciones monetarias internacionales ... | ||
| 650 |
_aEconomía. _9382 |
||
| 650 |
_aMacro.economía. _939073 |
||
| 942 |
_2ddc _cLIBROS |
||
| 945 |
_arum _d2019-05-14 |
||